| 000 | 01153 a2200205 4500 | ||
|---|---|---|---|
| 001 | 41343 | ||
| 005 | 20260407155707.0 | ||
| 008 | 260407a2016 arg spa d | ||
| 003 | AR-UNSa-BCEJYS | ||
| 040 |
_aAR-UNSa-BCEJYS _bspa _cAR-UNSa-BCEJYS |
||
| 080 |
_a334.713 _xPequeña industria (Pymes) |
||
| 245 | 1 | 0 |
_aMedidas de fomento para las Pymes _psuplemento doctrina |
| 264 | 1 |
_aBuenos Aires : _bErrepar _c2016 |
|
| 300 |
_a47 p. _c21 cm. |
||
| 505 | _a1. Ley 27264 - Texto legal - Régimen de fomento para las Micro, Pequeñas y Medianas Empresa - 2. Beneficios tributarios y financieros de la nueva "Ley PYME" / Alejandro M. Chiappero - 3. Nuevos beneficios para las Micro, pequeñas y medianas empresas / Carlos A. Schestakow - 4. Modificaciones al marco normativo para el financiamiento de micro, pequeñas y medianas empresas / Rodolfo G. Papa - 5. Novedades en el REPRO y la Nueva Ley de fomento para micro, pequeñas y medianas empresas / Pablo A. Figueredo | ||
| 041 | _aspa | ||
| 942 | _cBK | ||
| 590 | _aniveau_biblio:m niveau_hierar:0 | ||
| 856 | 4 | 1 |
_uhttps://biblioeco.unsa.edu.ar/pmb/images/libros/E00042.jpg _yImagen de portada _qimage/jpeg |
| 999 |
_c3477 _d3477 |
||